| 000 | 01195nam2a22002531 4500 | ||
|---|---|---|---|
| 001 | RU\NLR\INFOCOMM7\5000040310 | ||
| 005 | 20250617030449.0 | ||
| 035 | _a(NLR Aleph) 002404285 | ||
| 090 |
_a4669263 _c4669263 |
||
| 100 | _a20050119d1900 |||y0rusy50 ca | ||
| 101 | 0 | _arus | |
| 102 | _aRU | ||
| 105 | _ay ||||000|y | ||
| 200 | 0 | _aТ.18, Кн.1 | |
| 210 |
_d1900 _aБ. м. |
||
| 421 | 0 |
_12001#$aНа ужине у Трималхиона$fПетроний _1210##$d[1899] _1309##$a(Припл.) _1700#1$aПетроний Арбитр$f-66$3RU\NLR\AUTH\7730473 _tНа ужине у Трималхиона _aПетроний Арбитр (-66) |
|
| 461 | 0 |
_1001RU\NLR\INFOCOMM7\5000040272 _12001#$aФилологическое обозрение$eЖурнал классич. филологии и педагогики$vТ.18, Кн.1 _94669126 _cМ. _d1891-1902 _nА. Адольф и В. Аппельрот _oЖурнал классич. филологии и педагогики _tФилологическое обозрение _vТ.18, Кн.1 |
|
| 801 | 1 |
_aRU _bInfoComm _c20050120 |
|
| 801 | 0 |
_aRU _bNLR _gPSBO |
|
| 852 |
_aNLR _j1/473 |
||
| 942 | _cISSUE | ||
| 980 | _aNB | ||
| 980 | _aRUSPER | ||